[Event "Kurunegala op 11th"]
[Site "Kurunegala"]
[Date "2019.12.02"]
[Round "5"]
[White "Ranasinghe, Shalini"]
[Black "Galappaththi, Chinthaka Anuruddh"]
[Result "0-1"]
[WhiteElo "1583"]
[BlackElo "2070"]
[PlyCount "100"]
[EventDate "2019.11.30"]
[EventType "swiss"]
[EventRounds "10"]
[EventCountry "SRI"]
[SourceTitle "CBM 193 Extra"]
[Source "ChessBase"]
[SourceDate "2020.01.31"]
[SourceVersion "1"]
[SourceVersionDate "2020.01.31"]
[SourceQuality "1"]

1. g3 d5 2. Bg2 Nf6 3. d3 c6 4. Bg5 Qb6 5. Bxf6 exf6 6. b3 Bc5 7. e3 Nd7 8. Ne2 h5 9. h3 f5 10. h4 Nf6 11. Nd2 Ng4 12. d4 Be7 13. Nf3 Nf6 14. Ne5 Ne4 15. Bxe4 fxe4 16. f3 exf3 17. Nxf3 Bd6 18. Qd3 Bg4 19. e4 Qa6 20. 0-0 Qxd3 21. cxd3 0-0-0 22. Kg2 Rhe8 23. e5 f6 24. Nf4 fxe5 25. dxe5 Bxe5 26. Nxe5 Rxe5 27. Rae1 Rde8 28. Rxe5 Rxe5 29. Ng6 Re2+ 30. Rf2 Kc7 31. Rxe2 Bxe2 32. d4 Kd6 33. Kf2 Bd1 34. Ke3 Bc2 35. Ne5 c5 36. Nf7+ Ke7 37. Ne5 Ke6 38. Nf3 b6 39. Kf4 a5 40. Kg5 Bd1 41. Nd2 cxd4 42. Kg6 Ke5 43. Kxg7 d3 44. Kg6 Kd4 45. Kf5 Ke3 46. Nb1 d2 47. Nc3 Bf3 48. Ke5 d4 49. Nd5+ Bxd5 50. Kxd5 d1Q 0-1

[Event "SRI-chB (Women)"]
[Site "Colombo"]
[Date "2018.03.03"]
[Round "4"]
[White "Ranasinghe, Shalini"]
[Black "Chamathka, Weerasinghe A Cheth"]
[Result "1-0"]
[WhiteElo "1744"]
[BlackElo "1339"]
[PlyCount "83"]
[EventDate "2018.03.01"]
[EventType "swiss"]
[EventRounds "10"]
[EventCountry "SRI"]
[SourceTitle "EXT 2019"]
[Source "ChessBase"]
[SourceDate "2018.10.10"]
[SourceVersion "1"]
[SourceVersionDate "2018.10.10"]
[SourceQuality "1"]

1. e4 c5 2. Nf3 d6 3. d4 cxd4 4. Nxd4 Nf6 5. Nc3 a6 6. Be3 e5 7. Nb3 Be7 8. f3 Be6 9. Qd2 Nbd7 10. g4 Rc8 11. h4 h6 12. Rg1 Nf8 13. Nd5 Nxd5 14. exd5 Bxh4+ 15. Kd1 Bd7 16. f4 exf4 17. Bxf4 Bg5 18. Qe2+ Qe7 19. Bxd6 Qxe2+ 20. Bxe2 Ng6 21. Bf3 b6 22. a4 Nh4 23. Be2 h5 24. Bxa6 Ra8 25. Bb5 Bxb5 26. axb5 Rd8 27. Re1+ Kd7 28. Bg3 Rhe8 29. Nd4 Rxe1+ 30. Bxe1 Re8 31. Ra3 Ng2 32. Bf2 Ne3+ 33. Bxe3 Rxe3 34. Rxe3 Bxe3 35. Nf5 Bg5 36. c4 g6 37. Ng3 Bf4 38. Ne4 Be5 39. b3 f5 40. gxf5 gxf5 41. Nf2 Kd6 42. Nd3 1-0

[Event "SRI-chB (Women)"]
[Site "Narahenpita"]
[Date "2017.05.14"]
[Round "5"]
[White "Ranasinghe, Shalini"]
[Black "Goyumi, Sasika MW"]
[Result "1/2-1/2"]
[WhiteElo "1565"]
[BlackElo "1523"]
[PlyCount "61"]
[EventDate "2017.05.12"]
[EventType "swiss"]
[EventRounds "10"]
[EventCountry "SRI"]
[SourceTitle "CBM 178 Extra"]
[Source "ChessBase"]
[SourceDate "2017.06.22"]
[SourceVersion "1"]
[SourceVersionDate "2017.06.22"]
[SourceQuality "1"]

1. Nf3 Nf6 2. g3 d5 3. Bg2 c6 4. d3 Nbd7 5. Nc3 e5 6. e4 dxe4 7. Nxe4 Nxe4 8. dxe4 Be7 9. Be3 Qc7 10. c3 Nc5 11. Qc2 b6 12. Nd2 Ba6 13. Bf1 Bxf1 14. Rxf1 Rd8 15. 0-0-0 b5 16. Nb3 Nxb3+ 17. Qxb3 0-0 18. f4 a5 19. Rxd8 Bxd8 20. Qc2 Bf6 21. fxe5 Bxe5 22. Bf4 a4 23. h4 Qe7 24. Kb1 Re8 25. Qe2 Bxf4 26. Rxf4 Qe5 27. Qf3 f5 28. Rxf5 Qxe4+ 29. Qxe4 Rxe4 30. Rf3 g6 31. Kc2 1/2-1/2

[Event "SRI-chB (Women)"]
[Site "Colombo"]
[Date "2014.03.01"]
[Round "7"]
[White "Ranasinghe, Shalini"]
[Black "Hettige, Chathuri"]
[Result "1-0"]
[WhiteElo "1397"]
[BlackElo "1574"]
[PlyCount "63"]
[EventDate "2014.02.26"]
[EventType "swiss"]
[EventRounds "10"]
[EventCountry "SRI"]
[SourceTitle "CBM 159 Extra"]
[Source "ChessBase"]
[SourceDate "2014.04.24"]
[SourceVersion "1"]
[SourceVersionDate "2014.04.24"]
[SourceQuality "1"]

1. e4 e5 2. Nf3 Nf6 3. Nxe5 d6 4. Nf3 Nxe4 5. Nc3 d5 6. Be2 Be7 7. d3 Nxc3 8. bxc3 Nc6 9. Be3 Be6 10. Qd2 Qd7 11. d4 a6 12. h3 h6 13. Bd3 Bf6 14. 0-0 g5 15. Nh2 0-0-0 16. Qe2 Rhg8 17. Rab1 g4 18. Bf4 gxh3 19. g3 Bg5 20. Bxg5 hxg5 21. Kh1 Bf5 22. Rb2 Bxd3 23. Qxd3 Qe6 24. Rfb1 Na5 25. Rb4 Qe4+ 26. Qxe4 dxe4 27. d5 f5 28. c4 Kd7 29. c5 Rg6 30. c6+ bxc6 31. Ra4 cxd5 32. Rxa5 1-0

[Event "SRI-chB (Women)"]
[Site "Colombo"]
[Date "2014.02.28"]
[Round "5"]
[White "Ranasinghe, Shalini"]
[Black "Umesha, BG Dilini"]
[Result "1-0"]
[WhiteElo "1397"]
[BlackElo "1801"]
[PlyCount "49"]
[EventDate "2014.02.26"]
[EventType "swiss"]
[EventRounds "10"]
[EventCountry "SRI"]
[SourceTitle "CBM 159 Extra"]
[Source "ChessBase"]
[SourceDate "2014.04.24"]
[SourceVersion "1"]
[SourceVersionDate "2014.04.24"]
[SourceQuality "1"]

1. e4 d5 2. exd5 Qxd5 3. Nc3 Qa5 4. d4 Nf6 5. Bd2 c6 6. Nf3 Qc7 7. Ne5 Bf5 8. g4 Bc8 9. Bf4 Qa5 10. Bc4 e6 11. Bb3 Bb4 12. Qf3 h6 13. Nc4 Qd8 14. 0-0-0 Na6 15. g5 hxg5 16. Bxg5 Be7 17. Ne5 Rf8 18. Rhg1 Bd7 19. Bf4 Rg8 20. Bh6 Kf8 21. Rxg7 Rxg7 22. Rg1 Nc7 23. Rxg7 Ncd5 24. Rg2+ Ke8 25. Rg8+ 1-0

[Event "Wch U12 Girls"]
[Site "Al Ain"]
[Date "2013.12.23"]
[Round "7"]
[White "Ranasinghe, Shalini"]
[Black "Palma, Maria"]
[Result "1-0"]
[WhiteElo "1362"]
[BlackElo "1710"]
[PlyCount "85"]
[EventDate "2013.12.18"]
[EventType "swiss"]
[EventRounds "11"]
[EventCountry "UAE"]
[SourceTitle "CBM 158 Extra"]
[Source "ChessBase"]
[SourceDate "2014.02.28"]
[SourceVersion "1"]
[SourceVersionDate "2014.02.28"]
[SourceQuality "1"]

1. c4 e5 2. Nc3 Nf6 3. g3 Bb4 4. e3 Nc6 5. Nge2 d6 6. Bg2 0-0 7. 0-0 Bg4 8. f3 Bf5 9. d4 Re8 10. d5 Nb8 11. g4 Bg6 12. e4 Bxc3 13. Nxc3 Na6 14. h4 h6 15. Rf2 Nd7 16. h5 Bh7 17. Bf1 Ndc5 18. Rh2 c6 19. Qe1 Nb4 20. Qg3 Qa5 21. g5 hxg5 22. Bxg5 Qb6 23. Kh1 Kf8 24. Rg2 Qc7 25. Be2 f6 26. Bxf6 gxf6 27. Rag1 Ke7 28. Qg7+ Kd8 29. Qxc7+ Kxc7 30. Rg7+ Kb6 31. Rxh7 Rh8 32. Rgg7 Rxh7 33. Rxh7 Nbd3 34. Bxd3 Nxd3 35. b3 Rd8 36. h6 Ne1 37. Rf7 Nxf3 38. Rxf6 Ng5 39. Rg6 Nf7 40. h7 Rh8 41. Rg7 Nh6 42. Kh2 Rf8 43. Kg3 1-0